<?xml version="1.0" encoding="UTF-8"?>
<record
    xmlns:xsi="http://www.w3.org/2001/XMLSchema-instance"
    xsi:schemaLocation="http://www.loc.gov/MARC21/slim http://www.loc.gov/standards/marcxml/schema/MARC21slim.xsd"
    xmlns="http://www.loc.gov/MARC21/slim">

  <leader>01200nam a22001817a 4500</leader>
  <controlfield tag="008">110905t        xxu||||| |||| 00| 0 eng d</controlfield>
  <datafield tag="020" ind1=" " ind2=" ">
    <subfield code="a">0393966763 9780393966763</subfield>
  </datafield>
  <datafield tag="050" ind1=" " ind2=" ">
    <subfield code="a">BF121 .G58 </subfield>
  </datafield>
  <datafield tag="100" ind1=" " ind2=" ">
    <subfield code="a">Gleitman, Henry </subfield>
  </datafield>
  <datafield tag="245" ind1=" " ind2=" ">
    <subfield code="a">Psychology / </subfield>
    <subfield code="c">Henry Gleitman.</subfield>
  </datafield>
  <datafield tag="250" ind1=" " ind2=" ">
    <subfield code="a">4th ed</subfield>
  </datafield>
  <datafield tag="260" ind1=" " ind2=" ">
    <subfield code="a">New York : </subfield>
    <subfield code="b">W.W. Norton &amp; Co.</subfield>
    <subfield code="c">c1995</subfield>
  </datafield>
  <datafield tag="300" ind1=" " ind2=" ">
    <subfield code="a">xxxii, 799, A123 p. : </subfield>
    <subfield code="b">ill. (some col.) ; </subfield>
    <subfield code="c">29 cm</subfield>
  </datafield>
  <datafield tag="500" ind1=" " ind2=" ">
    <subfield code="a">Includes bibliographical references (p. A52-A91) and indexes.</subfield>
  </datafield>
  <datafield tag="505" ind1=" " ind2=" ">
    <subfield code="a">Contents: Introduction -- Biological basis of behaviou -- Motivation -- Learning -- Sensory processes -- Perception -- Memory -- Thought and knowledge -- Language -- The Biological basis of social behaviour -- Social cognition and emotion -- Social interaction -- Physical and cognitive development -- Social development -- Intelligence: Its nature and measurement -- Personality I: Assessment, trait theory, and the behavioral cognitive approach -- Personality II : Psychodynamic, humanistic, and sociocultural approaches -- Psychopathology -- Treatment of psychopathology -- Appendix: Statistics: The Collection, organization and interpretation of data. </subfield>
  </datafield>
  <datafield tag="650" ind1=" " ind2=" ">
    <subfield code="a">Psychology.</subfield>
  </datafield>
  <datafield tag="942" ind1=" " ind2=" ">
    <subfield code="2">lcc</subfield>
    <subfield code="c">BK</subfield>
  </datafield>
  <datafield tag="999" ind1=" " ind2=" ">
    <subfield code="c">64</subfield>
    <subfield code="d">7564</subfield>
  </datafield>
  <datafield tag="952" ind1=" " ind2=" ">
    <subfield code="0">0</subfield>
    <subfield code="1">0</subfield>
    <subfield code="2">lcc</subfield>
    <subfield code="4">0</subfield>
    <subfield code="7">0</subfield>
    <subfield code="a">WIUC-1</subfield>
    <subfield code="b">WIUC-1</subfield>
    <subfield code="c">GEN</subfield>
    <subfield code="d">2011-09-05</subfield>
    <subfield code="l">0</subfield>
    <subfield code="o">BF121 .G58</subfield>
    <subfield code="p">157/11</subfield>
    <subfield code="r">2011-09-05 00:00:00</subfield>
    <subfield code="t">1</subfield>
    <subfield code="w">2011-09-05</subfield>
    <subfield code="y">BK</subfield>
  </datafield>
  <datafield tag="952" ind1=" " ind2=" ">
    <subfield code="0">0</subfield>
    <subfield code="1">0</subfield>
    <subfield code="2">lcc</subfield>
    <subfield code="4">0</subfield>
    <subfield code="7">0</subfield>
    <subfield code="a">WIUC-1</subfield>
    <subfield code="b">WIUC-1</subfield>
    <subfield code="c">GEN</subfield>
    <subfield code="d">2011-09-05</subfield>
    <subfield code="l">0</subfield>
    <subfield code="o">BF121 .G581</subfield>
    <subfield code="p">158/11</subfield>
    <subfield code="r">2011-09-05 00:00:00</subfield>
    <subfield code="t">2</subfield>
    <subfield code="w">2011-09-05</subfield>
    <subfield code="y">BK</subfield>
  </datafield>
  <datafield tag="952" ind1=" " ind2=" ">
    <subfield code="0">0</subfield>
    <subfield code="1">0</subfield>
    <subfield code="2">lcc</subfield>
    <subfield code="4">0</subfield>
    <subfield code="7">0</subfield>
    <subfield code="a">WIUC-1</subfield>
    <subfield code="b">WIUC-1</subfield>
    <subfield code="d">2011-09-05</subfield>
    <subfield code="l">0</subfield>
    <subfield code="o">BF121 .G582</subfield>
    <subfield code="p">159/11</subfield>
    <subfield code="r">2011-09-05 00:00:00</subfield>
    <subfield code="t">3</subfield>
    <subfield code="w">2011-09-05</subfield>
    <subfield code="y">BK</subfield>
  </datafield>
</record>
